|
|
|
|
| LEADER |
01272nam a22002771 4500 |
| 001 |
751088 |
| 003 |
GR-PaULI |
| 005 |
20210117210556.0 |
| 008 |
840301s1966 nyua b 000 0 eng |
| 010 |
|
|
|a 63016715
|
| 040 |
|
|
|a DLC/ICU
|c ICU
|d DLC
|b gre
|e AACR2
|
| 041 |
1 |
|
|a eng
|h ger
|
| 082 |
0 |
0 |
|a 515.75
|2 23
|
| 100 |
1 |
|
|a Aczel, J.
|9 30244
|e συγγραφέας.
|
| 240 |
1 |
0 |
|a Vorlesungen über Funktionalgleichungen und ihre Anwendungen.
|l Αγγλικά
|
| 245 |
1 |
0 |
|a Lectures on functional equations and their applications,
|c by J. Aczél ; translated by Scripta Technica, inc. ; supplemented by the author ; edited by Hansjorg Oser.
|
| 260 |
|
|
|a New York :
|b Academic Press,
|c 1966.
|
| 300 |
|
|
|a xix, 510 σ. :
|b εικ. ;
|c 24 εκ.
|
| 490 |
1 |
|
|a Mathematics in science and engineering
|v 19.
|
| 504 |
|
|
|a Περιλαμβάνει βιβλιογραφία.
|
| 650 |
|
4 |
|9 59888
|a Εξισώσεις
|
| 830 |
|
|
|a Mathematics in science and engineering
|v 19.
|9 163623
|
| 942 |
|
|
|2 ddc
|c BK15
|
| 952 |
|
|
|0 0
|1 0
|2 ddc
|4 0
|6 515_750000000000000_ACZ
|7 0
|9 220229
|a LISP
|b LISP
|c BSC
|d 2018-02-26
|e Βιβλιοθήκη Μαθηματικού.
|i 124427
|l 0
|o 515.75 ACZ
|p 025000040311
|r 2018-02-26 00:00:00
|t 1
|v 2018.00
|w 2018-02-26
|y BK15
|
| 998 |
|
|
|c ΜΠΟΥΡΑΣ
|d 2018-02
|
| 999 |
|
|
|c 122603
|d 122603
|